00406nam a2200145Ia 450000100060000000800410000602000180004704000130006508200180007810000190009624500670011526000600018230000110024254600070025359698140520s9999 xx 000 0 und d a9781615300037 cPK-LaUMT a 609.22bHUN- aCurley, Robert 4aThe 100 most influential inventors of all timecCurley, Robert aNew York,USA:bBritaniica Educational Publishing,c2010 a336 p. aEN